000 00938nas a2200301 4500
001 BR0404774
003 BR-BrBNA
005 20231205104849.0
007 ta
008 230509b bl.|||p| |||| 00| 00por d
040 _aBR-BrBNA
_bpor
_cBiblioteca Nacional de Agricultura
041 _a(Pt)
072 _aK10
100 1 _aSchumacher, M.V.
100 1 _aBrun, E.J.
100 1 _aHernandes, J.I.
100 1 _aKönig, F.G.
245 1 _aProdução de serapilheira em uma floresta de Araucaria angustifolia (Bertol.)Kuntze no município de Pinhal Grande, RS
650 _aPINHEIRO-DO-PARANÁ
650 _aSERAPILHEIRA
650 _aPRODUÇÃO FLORESTAL
650 _aMACROELEMENTO
650 _aFISIOLOGIA VEGETAL
650 _aRIO GRANDE DO SUL
773 0 _tRevista Árvore (Brazil)
_xISSN 0100-6762
_g(Jan-Feb 2004), v. 28(1) p. 29-37
_wBR0404774
909 _a202311
_bLúcia
_c55
_dLúcia Elande
942 _2AGRIS
_n0
_cANA
999 _c180034
_d180034